000
00210 a2200097 4500
001
5566
100
_a
Peerman,FG
245
_a
Workshop technology experiemtns
260
_a
_b
Heinemann
_c
090
_c
4573
_d
4573
942
_a
NUST-CAE
_c
M
_c
30904
999
_c
240639
_d
240639